00830nam a2200217 a 450000100100000000500170001000800410002702000150006804000250008308200150010824501500012326000370027330000240031049000230033450500270035750000340038470000320041883000320045095201130048299900170059500004525520201002050017.0150218s1977 sp a 000 0 spa d a8471561751 aDO-SdBNPbspacBNPHU axxxxbxxxx00aEnciclopedia juvenil /c[traductores del alemán Julio Alvarez, et.. al. ; acoplada... por el grupo de redacción de Editorial Mediterráneo]. aMadrid :bMediterráneo,c1977. av. :bil. ;c19 cm.1 aBolsillo edimev950 gv.5tFreud-Incienso -- aPrecede al tít.: edime-dtv.1 aAlvarez, Julio,etr.973283 0aBolsillo edime ;n95973284 001050718MOaPDbPDcCTd2015-02-18iLF1l0oxxxx xxxxp45255-10r2020-06-25w2020-06-25y1ZNo se presta c44744d44744